Nghệ thuật lãnh đạo

Sách trình bày một cách hệ thống, logic và rõ ràng các tiếp cận khác nhau của nhà nghiên cứu về lãnh đạo trên thế giới, đặc biệt là những quan điểm hiện đại về lãnh đạo.

محفوظ في:
التفاصيل البيبلوغرافية
المؤلف الرئيسي: Nguyễn, Hữu Lam
التنسيق: كتاب
اللغة:Undetermined
منشور في: Hà Nội Hồng Đức 2007
الموضوعات:
الوسوم: إضافة وسم
لا توجد وسوم, كن أول من يضع وسما على هذه التسجيلة!
Thư viện lưu trữ: Trung tâm Học liệu Trường Đại học Cần Thơ
LEADER 00829nam a2200205Ia 4500
001 CTU_150220
008 210402s9999 xx 000 0 und d
020 |c 48000 
082 |a 658.409 
082 |b L104 
100 |a Nguyễn, Hữu Lam 
245 0 |a Nghệ thuật lãnh đạo 
245 0 |c Nguyễn Hữu Lam 
260 |a Hà Nội 
260 |b Hồng Đức 
260 |c 2007 
520 |a Sách trình bày một cách hệ thống, logic và rõ ràng các tiếp cận khác nhau của nhà nghiên cứu về lãnh đạo trên thế giới, đặc biệt là những quan điểm hiện đại về lãnh đạo. 
650 |a Management,Quản trị học 
904 |i Trọng Hải 
980 |a Trung tâm Học liệu Trường Đại học Cần Thơ